书目信息 |
| 题名: |
中国谷子品种志
|
|
| 作者: | 陆平 刘敏轩 | |
| 分册: | ||
| 出版信息: | 北京 中国农业出版社 2015.12 |
|
| 页数: | 230 | |
| 开本: | 26cm | |
| 丛书名: | ||
| 单 册: | ||
| 中图分类: | S51 | |
| 科图分类: | ||
| 主题词: | 禾谷类作物 | |
| 电子资源: | ||
| ISBN: | 7-109-21185-8 | |
| 000 | 00561nam0 2200181 450 | |
| 001 | 1735965424 | |
| 005 | 20170410095925.42 | |
| 010 | @a7-109-21185-8@b精装 | |
| 100 | @a20170410d km y0chiy0120 ea | |
| 101 | 0 | @achi |
| 200 | 1 | @a中国谷子品种志@Azhong guo gu zi pin zhong zhi@f陆平 刘敏轩@Flu ping liu min xuan |
| 210 | @a北京@c中国农业出版社@d2015.12 | |
| 215 | @a230@c彩图@d26cm | |
| 606 | 0 | @a禾谷类作物 |
| 690 | @aS51@v4 | |
| 701 | 0 | @a陆平 刘敏轩@Alu ping liu min xuan |
| 801 | 0 | @aCN@b大连网信软件有限公司图书馆·11@c20170410 |
| 905 | @b6604848@dS51@en5@f1 | |
| 中国谷子品种志/陆平 刘敏轩.-北京:中国农业出版社,2015.12 |
| 230:彩图;26cm |
| ISBN 7-109-21185-8(精装): |
| ● |
| 相关链接 |
|
|
|
|
正题名:中国谷子品种志
索取号:S51/n5
 
预约/预借
| 序号 | 登录号 | 条形码 | 馆藏地/架位号 | 状态 | 备注 |
| 1 | 6604848 | 266048485 | 密集书库-生命科学系/ [索取号:S51/n5] | 在馆 |